<?xml version="1.0" encoding="UTF-8"?>
<record
    xmlns:xsi="http://www.w3.org/2001/XMLSchema-instance"
    xsi:schemaLocation="http://www.loc.gov/MARC21/slim http://www.loc.gov/standards/marcxml/schema/MARC21slim.xsd"
    xmlns="http://www.loc.gov/MARC21/slim">

  <leader>01163nam a22001817a 4500</leader>
  <controlfield tag="008">230208b        |||||||| |||| 00| 0 eng d</controlfield>
  <datafield tag="040" ind1=" " ind2=" ">
    <subfield code="a">National Science Library</subfield>
    <subfield code="c">National Science Library</subfield>
  </datafield>
  <datafield tag="080" ind1=" " ind2=" ">
    <subfield code="a">63(047)</subfield>
    <subfield code="b">L6.4</subfield>
  </datafield>
  <datafield tag="245" ind1=" " ind2=" ">
    <subfield code="a">Report of the national commission on agriculture 1976 </subfield>
  </datafield>
  <datafield tag="260" ind1=" " ind2=" ">
    <subfield code="a">New Delhi: </subfield>
    <subfield code="b">Government of India Ministry of Agriculture and Irrigation, </subfield>
    <subfield code="c">1976</subfield>
  </datafield>
  <datafield tag="300" ind1=" " ind2=" ">
    <subfield code="a">xiv, 638p. </subfield>
    <subfield code="b">Maps </subfield>
  </datafield>
  <datafield tag="500" ind1=" " ind2=" ">
    <subfield code="a">Vol. 1 (Review and progress)
Vol. 2 (Policy and strategy)
Vol. 3 (Demand and supply) 
Vol. 4 (Climate and agriculture)
Vol. 5 (Resource development)
Vol. 6 (Crop production, sericulture and apiculture)
Vol. 7 (Animal husbandry) 
Vol. 8 (Fisheries)
Vol. 9 (Forestry) 
Vol. 10 (Inputs) 
Vol. 11 ( Research, education and extension)
Vol. 12 (Supporting services and incentives) 
Vol. 13 (Rural employment and special area programmes)
Vol. 14 (Planning, statistics and administration)
Vol. 15 (Agrarian reforms) </subfield>
  </datafield>
  <datafield tag="650" ind1=" " ind2=" ">
    <subfield code="a">Agriculture </subfield>
  </datafield>
  <datafield tag="653" ind1=" " ind2=" ">
    <subfield code="a">Crop weather relationship</subfield>
  </datafield>
  <datafield tag="653" ind1=" " ind2=" ">
    <subfield code="a">Meteorology and crop production </subfield>
  </datafield>
  <datafield tag="710" ind1=" " ind2=" ">
    <subfield code="a">Government of India Ministry of Agriculture and Irrigation </subfield>
  </datafield>
  <datafield tag="942" ind1=" " ind2=" ">
    <subfield code="2">udc</subfield>
    <subfield code="c">REP</subfield>
  </datafield>
  <datafield tag="999" ind1=" " ind2=" ">
    <subfield code="c">390</subfield>
    <subfield code="d">390</subfield>
  </datafield>
  <datafield tag="952" ind1=" " ind2=" ">
    <subfield code="0">0</subfield>
    <subfield code="1">0</subfield>
    <subfield code="2">udc</subfield>
    <subfield code="4">0</subfield>
    <subfield code="6">63047_L64</subfield>
    <subfield code="7">0</subfield>
    <subfield code="8">REF</subfield>
    <subfield code="9">406</subfield>
    <subfield code="a">NSL</subfield>
    <subfield code="b">NSL</subfield>
    <subfield code="c">GF/Rk-16/C-1/R-4</subfield>
    <subfield code="d">2004-07-17</subfield>
    <subfield code="h">Vol. 4 (Climate and agriculture) </subfield>
    <subfield code="l">0</subfield>
    <subfield code="o">63(047) L6.4</subfield>
    <subfield code="p">188040</subfield>
    <subfield code="r">2023-02-08 00:00:00</subfield>
    <subfield code="w">2023-02-08</subfield>
    <subfield code="y">REP</subfield>
  </datafield>
</record>
